Comprehensive review of business law / (Record no. 20858)
[ view plain ]
| 000 -LEADER | |
|---|---|
| fixed length control field | 00645nam a2200229 a 4500 |
| 005 - DATE AND TIME OF LATEST TRANSACTION | |
| control field | 20140310183256.0 |
| 008 - FIXED-LENGTH DATA ELEMENTS--GENERAL INFORMATION | |
| fixed length control field | 041103s19uu xx 00 eng d |
| 050 ## - LIBRARY OF CONGRESS CALL NUMBER | |
| Classification number | KPM 856.A9 |
| Item number | .C346 2006 |
| 100 ## - MAIN ENTRY--PERSONAL NAME | |
| Personal name | Castaneda, Catalino R. |
| 245 ## - TITLE STATEMENT | |
| Title | Comprehensive review of business law / |
| Statement of responsibility, etc | Catalino R. Castañeda, Jr. and Hector S. de Leon |
| 250 ## - EDITION STATEMENT | |
| Edition statement | 8th ed. |
| 260 ## - PUBLICATION, DISTRIBUTION, ETC. (IMPRINT) | |
| Place of publication, distribution, etc | Manila, Philippines : |
| Name of publisher, distributor, etc | Rex Book Store, |
| Date of publication, distribution, etc | 2006. |
| 300 ## - PHYSICAL DESCRIPTION | |
| Extent | 533 p. : |
| Dimensions | 22 cm. |
| 521 ## - TARGET AUDIENCE NOTE | |
| Target audience note | |
| 650 ## - SUBJECT ADDED ENTRY--TOPICAL TERM | |
| Topical term or geographic name as entry element | Business Law. |
| 700 ## - ADDED ENTRY--PERSONAL NAME | |
| Personal name | De Leon, Hector S. |
| 942 ## - ADDED ENTRY ELEMENTS (KOHA) | |
| Koha item type | Books |
| Source of classification or shelving scheme | Library of Congress Classification |
| Call number prefix | Local |
| Withdrawn status | Lost status | Source of classification or shelving scheme | Damaged status | Home library | Current library | Shelving location | Date acquired | Source of acquisition | Total Checkouts | Total Renewals | Full call number | Barcode | Date last seen | Date checked out | Copy number | Price effective from | Koha item type |
|---|---|---|---|---|---|---|---|---|---|---|---|---|---|---|---|---|---|
| Library of Congress Classification | College Library | College Library | Filipiniana Section | 10/04/2011 | Library Fund | 1 | 5 | KPM 856.A9 .C346 2006 | C13391 | 05/08/2018 | 06/14/2017 | 1 | 10/10/2013 | Books | |||
| Library of Congress Classification | College Library | College Library | Filipiniana Section | 12/05/2013 | Library Fund | KPM 856.A9 .C346 2000 | C5736 | 05/08/2018 | 2 | 12/05/2013 | Books | ||||||
| Library of Congress Classification | College Library | College Library | Filipiniana Section | 12/05/2013 | Library Fund | KPM 856.A9 .C346 2000 | C5538 | 05/08/2018 | 3 | 12/05/2013 | Books | ||||||
| Library of Congress Classification | College Library | College Library | Filipiniana Section | 12/05/2013 | Library Fund | KPM 856.A9 .C346 2000 | C5539 | 05/08/2018 | 4 | 12/05/2013 | Books |